000
00300 a2200133 4500
001
155287
040
_c
Escola São Tomás de Aquino
100
_a
AROEIRA, Maria Luíza Campos
240
1
0
_a
Abracadabra
_l
por
245
1
0
_a
Abracadabra
440
1
_a
Dimensão
697
_a
MATEMÁTICA
942
_c
BK
999
_c
155287
_d
155287